000 00674nam a2200241Ia 4500
003 OSt
005 20221005092854.0
006 a|||||r|||| 00| 0
007 ta
008 221004b |||||||| |||| 00| 0 eng d
020 _a0791446913
024 _a47529
037 _cTextual
040 _aCRL
_cCRL
_beng
041 _2eng
_aeng
082 _aP:7x, P0
245 0 _aKinneavy papers
_b Theory and the study of discourse Ed by Lynn Worsham, Sidney I. Dobrin and Gary A. Olson.
260 _aNew York
_bState University of New USA
_c2000
300 _a393p.
_ccm.
650 _aLINGUISTICS
942 _hP:7x, P0
_cTEXL
_2cc
999 _c999516
_d999516